Quizzes
Events
Quiz Creation
Community
Videos
Private Events
Remove Ads
Sign In
Join for FREE
Feedback
Dark Mode
Quiz Categories
Sports
Geography
Music
Movies
Television
Just For Fun
Miscellaneous
History
Literature
Language
Science
Gaming
Entertainment
Religion
Holiday
For Kids
Quiz Lab
Recent
Popular Today
Quiz Kudos Today
Editor Picks
Curator Picks
Quizzes by...
Day
Popularity
Type
Ratings
Length
Year
Community
Subscriptions
Recent Discussions
Orange Saloon
Badges
Playlists
Quests
Create
Leaderboards
Showdown
Live 5
Trivia Bingo
Activity
Puzzle Library
Sporcle Events
Private Events
Virtual Trivia
Globe League
Become a Host
Pub Owners
SporcleCon
Opinionation
Our Games
Videos
Blog
Mobile Apps
Partnerships
Remove Ads and Go Orange
Feedback
Science
Computer
Plants
Astronomy
Chemistry
Elements
Math
Animal
Physics
Anatomy
Biology
Geology
General Science
Science
Computer
Plants
Astronomy
Chemistry
Elements
Math
Animal
Physics
Anatomy
Biology
Geology
General Science
Random Quiz
Search Sporcle
×
Quiz Lab
Quiz Lab
Science
Type in answers that appear in a list
Type in answers that appear in a list
Classic
Best Score? Go Orange.
Young's interference experiment Stats
Can you name the Features of Young's interference experiment?
By
sobohr
6m
15 Questions
8 Plays
8 Plays
8 Plays
Comments
Comments
Give Quiz Kudos
Give Quiz Kudos
-
- Ratings
hide this ad
Replay
Link that replays current quiz
Next Quiz
Link to next quiz in quiz playlist
You Got
0%
They Got
Avg Score
53%
Avg Friend Score
Upgrade to see
Score Distribution
Jump to the score distribution portion of the page
Score
0/15
Timer
06:00
0
Plays Today
Hint
Answer
% Correct
Phenomena occuring at the slits
diffraction
87.5%
Element in lamp used to produce light
sodium
75%
A term describing the nature of the light from the source
monochromatic
75%
Waves at 2pi radians exhibit
reinforcement
75%
Purpose of single slit
coherent light
62.5%
Diameter of slits close to this feature
wavelength
62.5%
Middle of dark bands suggests this number of degrees
180
62.5%
Double slit experiment has become a classic thought experiment for testing ideas in this branch of physics
quantum mechanics
62.5%
Hint
Answer
% Correct
Particles can show observable interference patterns with a small value of this
de broglie wavelength
50%
Screen must be placed in this region to observe interference
overlap
37.5%
Theory that could not explain interference
Corpuscular
37.5%
Popular theory of light predicted this number of fringes
2
37.5%
Young's experiment establishes this principal of electromagnetic waves
wave-particle duality
37.5%
Observation when double slits are closer together
fewer fringes
25%
Fringe width increased significantly by a change in nanometer range
increase wavelength
12.5%
Quiz Playlist
Details
Report
Send in Message
Add To Playlist
Classic:
Type in answers that appear in a list
Last Updated: Feb 16, 2017
Quiz Scoreboard
CHALLENGE
Sign Up to Join the Scoreboard
Show All
Scores
Hide
Comments
May contain spoilers
Recently Published
Movies - When Are They Set?
by FPL_Elf
Movies
5m
Popular People in 1961
by mucciniale
History
6m
1-10 Letter E Words III
by El_Dandy
Language
2m
More to Explore
Quiz From the Vault
Featured Blog Post
Where Did the Easter Bunny Come From?
hide this ad
You Might Also Like...
Tags
This quiz does not have any tags.
Today's Top Quizzes in Science
Browse Science
hide this ad
Top Contributed Quizzes in Science
1
One Thing in Common: Science III
2
Quick Pick: 'CI-CJ' Animals
3
Quick Pick: Radians
4
One Thing in Common: Science
5
Sporcle Puzzle Hunt: Science
6
One Thing in Common: Science II
7
Elements In Images
8
Square Numbers Scrambled (1-50)
9
1 to 50
10
Glycolysis
Explore More
Trending Topics
Crossword
Kpop
Harry Potter
Disney
Anime
NBA
Marvel
Pokémon
The Office
WWE
Song
NFL
Country
Soccer
Puzzle
hide this ad
More By:
sobohr
Quiz
Plays
Rating
Category
Featured
Created
Evidence of radio waves
21
Science
Mar 27, 2012
Discovery of EM waves
11
Science
Mar 27, 2012
Young's interference experiment
8
Science
Mar 21, 2012
Go to Creator's Profile
Score Distribution
Quiz Creator Spotlight
sobohr
Follow
Send a Message
Quizzes Created
-
Created Quiz Play Count
-
More By This Creator
Popular Quizzes Today
1
Find the US States - No Outlines Minefield
2
Find the Countries of Europe - No Outlines Minefield
3
The Countries of the World
4
Popular People in 1961
5
1-10 Letter E Words III
6
US States
7
Find the US States
8
One Thing in Common: World Cities II
More Science Quizzes
Elements Quick Match (Latin)
Published
Trending Quizzes
Risky Map Clicking: Least Populous States A-Z
1-10 Letter F Words
Humor Books: The Subtitles
1-10 Letter G Words
One Thing in Common: United Kingdom
Recently Updated
Leaping Animals
pecheneg
Reality TV Shows (A-Z)
bhenderson79
Rickey Henderson's Hall of Fame Teammates
pecheneg
Champions League XIs: Arsenal
pecheneg
Quick Pick: Celebrities in WWE's Hall of Fame
aduchscher
A-Z Keypad Blitz II
pecheneg
Multiple Oscar Actors
pecheneg
Mystery Phrase Blitz: Oscar 'Best Actors'
pecheneg
F. Scott Fitzgerald Novels
LTH
Pick 3 Villains
ddd62291
Trending Topics
Kpop
Disney
Anime
Crossword
Marvel
Harry Potter
NBA
Country
NFL
Pokémon
WWE
Song
Puzzle
Soccer
The Office
Your Account Isn't Verified!
In order to create a playlist on Sporcle, you need to verify the email address you used during registration. Go to your
Sporcle Settings
to finish the process.
Report this User
Report this user for behavior that violates our
Community Guidelines
.
Details:
Send Report
Go to the Sporcle.com Mobile Site →
Comments